Herencia espiritual de don Fernando Durán V.: Homenaje con motivo de su fallecimiento

שמור ב:
מידע ביבליוגרפי
Main Authors: Ibáñez Santa María, Adolfo (Author), Correa P., Luis (Author), Pérez de Arce, Hermógenes (Author)
מחברים אחרים: Pascal García-Huidobro, Enrique (autor)
פורמט: ספר
שפה:ספרדית
יצא לאור: Valparaíso Escuela de Negocios de Valparaíso. Fundación Adolfo Ibáñez 1983
נושאים:
תגים: הוספת תג
אין תגיות, היה/י הראשונ/ה לתייג את הרשומה!

MARC

LEADER 00000nam a2200000 a 4500
001 UCZ8633
003 CL-VaPUC
005 20231121161740.0
008 960125e19830000cl |||||||||||||||||spa|d
999 |c 303398  |d 303396 
040 |c Pontificia Universidad Católica de Valparaíso 
082 0 4 |a 330.01  |b IBA  |2 21 
100 |a Ibáñez Santa María, Adolfo  |e author  |9 617187 
245 1 0 |a Herencia espiritual de don Fernando Durán V.: Homenaje con motivo de su fallecimiento 
260 |a Valparaíso  |b Escuela de Negocios de Valparaíso. Fundación Adolfo Ibáñez  |c 1983 
300 |a 58 p 
583 |a last modification  |c 20171010 03:46:53  |k Rodrigo Vera 
600 |a Durán Villarreal, Fernando  |d 1908-1982  |9 886081 
650 0 |a Economía   |9 255568 
650 0 |a Biografías  |9 255210 
650 0 |a Filosofía del espíritu  |9 320175 
650 0 |a Cultura  |9 269059 
700 0 |a Correa P., Luis  |e author  |9 475321 
700 0 |a Pérez de Arce, Hermógenes  |e author  |9 475322 
700 |a Pascal García-Huidobro, Enrique  |e autor  |9 307845 
942 |c BK  |2 ddc 
945 |d 19960125 00:00:00  |a cmena 
952 |0 0  |1 0  |4 0  |6 330_010000000000000_IBA_1983  |7 0  |8 P  |9 364680  |a BIBEDU  |b BIBEDU  |c BIBEDU_PB  |d 2019-11-21  |i 162153K  |o 330.01 IBA 1983  |p 162153K  |r 2024-01-25  |w 2019-11-21  |y BK  |k FIL